| 000 | 00540nam a2200169 a 4500 | ||
|---|---|---|---|
| 001 | 000014246 | ||
| 005 | 20200929163534.0 | ||
| 008 | 091208s1997 dr ab 000 0 spa d | ||
| 040 |
_aDO-SdBNP _bspa _cBNPHU |
||
| 082 |
_axxx _bA532n |
||
| 245 | 0 | 0 | _aAnálisis de la niñez y la mujer en la República Dominicana. |
| 260 |
_aSanto Domingo : _bUNICEF _bONAPLAN, _c1997. |
||
| 300 |
_a71 p. : _bil. ; map. ; _c28 cm. |
||
| 500 | _aIncluye índice de gráficas, cuadros y figuras | ||
| 504 | _aIncluye bibliografías [p. 70-71] | ||
| 049 | _aBNPD | ||
| 999 |
_c13844 _d13844 |
||